000 01002cam a22002894a 4500
001 15038442
005 20250208082738.0
008 071009s2008 nyua b 001 0 eng
020 _a9780826119575 (hbk. : alk. paper)
020 _a0826119573 (hbk. : alk. paper)
050 0 0 _aRC489.F45
_bF48 2008
082 0 0 _a616.89/14
_222
245 0 0 _aFeminist therapy theory and practice :
_ba contemporary perspective /
_cMary Ballou, Marcia Hill, and Carolyn West, editors.
260 _aNew York :
_bSpringer Pub. Co.,
_cc2008.
300 _axxvii, 197 p. :
_bill. ;
_c24 cm.
650 0 _aFeminist therapy.
650 1 2 _aFeminism.
650 1 2 _aPsychotherapy.
650 2 2 _aModels, Psychological.
650 2 2 _aPsychological Theory.
650 2 2 _aWomen's Health.
700 1 _aBallou, Mary B.,
_d1949-
700 1 _aHill, Marcia.
700 1 _aWest, Carolyn M.
_q(Carolyn Marie)
856 4 1 _3Table of contents only
_uhttp://www.loc.gov/catdir/toc/ecip082/2007041553.html
942 _2lcc
_cBK
_n0
999 _c3630
_d3630